| 000 | 01667 a2200265 4500 | ||
|---|---|---|---|
| 001 | 22383 | ||
| 005 | 20260407155514.0 | ||
| 008 | 260407a2004 arg spa d | ||
| 003 | AR-UNSa-BCEJYS | ||
| 040 |
_aAR-UNSa-BCEJYS _bspa _cAR-UNSa-BCEJYS |
||
| 080 |
_a658.011.56 _xAutomatización |
||
| 245 | 1 | 0 |
_aSistemas de información gerencial _padministración de la empresa digital |
| 020 | _a978-970-26-0528-7 | ||
| 250 | _a8a.ed | ||
| 264 | 1 |
_aMéxico : _bPearson Educación _c2004 |
|
| 300 |
_axxx, 534 p. _c27 cm. |
||
| 505 | _a1. Administración de la empresa digital - 2. Sistemas de información en la empresa - 3. Sistemas de información, organizaciones, administración y estrategia - 4. La empresa digital: negocios en línea y comercio electrónico - 5. Aspectos éticos y sociales en la empresa digital - 6. Administración de los activos de hardware y software - 7. Administración de los recursos de datos - 8. Telecomunicaciones y redes - 9. Internet y la nueva infraestructura de tecnología de la información - 10. Administración del conocimiento para la empresa digital - 11. Mejora en la toma de decisiones administrativas para la empresa digital - 12. Rediseño de la organización mediante sistemas de información - 13. El valor de negocios de los sistemas y administración del cambio - 14. Seguridad y control de los sistemas de información - 15. Administración de sistemas de información internacionales | ||
| 041 | _aspa | ||
| 942 | _cBK | ||
| 590 | _aniveau_biblio:m niveau_hierar:0 | ||
| 100 | 1 | _aLaudon, Kenneth C. | |
| 700 | 1 | _aLaudon, Jane P. | |
| 700 | 1 | _aNuñez Ramos, Antonio | |
| 700 | 1 | _aSolares Soto, Pedro Fernando | |
| 999 |
_c1000 _d1000 |
||